000 00308pab a2200145 454500
008 180718b2002 xxu||||| |||| 00| 0 eng d
100 _aArbind Kumar
245 _aTribal participation
260 _c2002
300 _ap.27-31.
362 _aJun
650 _aTribes
773 _aSeminar
909 _a52544
999 _c52544
_d52544